MARC

LEADER 00000nam0a2200000 4500
001 339150
005 20231102005121.0
035 |a (RuTPU)RU\TPU\book\365658 
090 |a 339150 
100 |a 20171212d1960 km y0rusy50 ca 
101 0 |a rus 
102 |a RU 
105 |a a z 001zy 
200 1 |a Гидравлический расчет канализационных сетей (расчетные таблицы)  |f Н. Ф. Федоров, Л. Е. Волков 
205 |a 2-е изд., испр. и доп. 
210 |a Москва  |c Госкомхозиздат  |d 1960 
215 |a 242 с.  |c ил. 
320 |a Библиогр.: с. 239 
606 1 |a Канализационные сети  |x Гидравлический расчет  |2 stltpush  |3 (RuTPU)RU\TPU\subj\13665  |9 40239 
610 1 |a сточные воды 
610 1 |a режим течения 
610 1 |a турбулентный поток 
610 1 |a расчетные формулы 
610 1 |a трубы 
610 1 |a трубопроводы 
610 1 |a лотки 
675 |a 628.2  |v 4 
700 1 |a Федоров  |b Н. Ф.  |g Николай Федорович 
701 1 |a Волков  |b Л. Е.  |g Лев Ефимович 
801 1 |a RU  |b 63413507  |c 20171212 
801 2 |a RU  |b 63413507  |c 20171212  |g RCR 
942 |c BK